Fresno county, CA communities - Statistics

General Stats
  • This quiz has been taken 21 times
    20 since last reset
  • The average score is 21 of 53
Answer Stats
Hint Answer % Correct
City Clovis
100%
City Fresno
100%
City Kerman
100%
City Sanger
100%
City Selma
100%
City Fowler
90%
City Kingsburg
90%
City Coalinga
80%
City Mendota
80%
City Orange Cove
80%
City Reedley
80%
City Firebaugh
70%
City Huron
70%
City San Joaquin
70%
CDP Malaga
60%
City Parlier
60%
CDP Calwa
50%
CDP Del Rey
50%
CDP Shaver Lake
50%
CDP Biola
40%
CDP Cantua Creek
40%
CDP Sunnyside
40%
CDP Auberry
30%
CDP Easton
30%
Unincorporated Community Hume
30%
Unincorporated Community Prather
30%
CDP Raisin City
30%
CDP Riverdale
30%
Unincorporated Community Tollhouse
30%
CDP Yokuts Valley
30%
CDP Big Creek
20%
CDP Centerville
20%
Unincorporated Community Five Points
20%
CDP Friant
20%
CDP Laton
20%
CDP Mayfair
20%
CDP Minkler
20%
CDP Old Fig Garden
20%
Unincorporated Community Rolinda
20%
CDP Tarpey Village
20%
Unincorporated Community Burrel
10%
CDP Caruthers
10%
Unincorporated Community Millerton
10%
CDP Monmouth
10%
CDP Three Rocks
10%
CDP Tranquility
10%
CDP West Park
10%
CDP Bowles
0%
Unincorporated Community Dunlap
0%
CDP Fort Washington
0%
CDP Lanare
0%
Unincorporated Community Mercey Hot Springs
0%
Unincorporated Community Westside
0%
No matching quizzes found
Score Distribution
Percent of People with Each Score
Percentile by Number Answered
Your Score History
You have not taken this quiz since the last reset